Iuridica 2/1984

Na minha lista:
Detalhes bibliográficos
Formato: Livro
Idioma:tcheco
Publicado em: Praha Univerzita Karlova 1984
Colecção:Acta Universitatis Carolinae
Tags: Adicionar Tag
Sem tags, seja o primeiro a adicionar uma tag!

MARC

LEADER 00000nam a2200000 4500
001 c114071
005 20221220085112.8
041 0 |a cze 
044 |a CZ 
245 1 0 |a Iuridica 2/1984 
264 1 |a Praha  |b Univerzita Karlova  |c 1984 
300 |a S. 99-198 
490 1 |a Acta Universitatis Carolinae 
830 0 |a Acta Universitatis Carolinae